Central Library OPAC University of Rajshahi

The modern world : (Record no. 27920)

MARC details
000 -LEADER
fixed length control field 00737nam a22002177a 4500
001 - CONTROL NUMBER
control field 27920
003 - CONTROL NUMBER IDENTIFIER
rucl marc code BD-RjUL
005 - DATE AND TIME OF LATEST TRANSACTION
control field 20211209051222.0
008 - FIXED-LENGTH DATA ELEMENTS--GENERAL INFORMATION
fixed length control field 140329r19541941uk ||||| |||| 001 0 eng d
035 ## - SYSTEM CONTROL NUMBER
System control number (BD-RjUL)28001
040 ## - CATALOGING SOURCE
Original cataloging agency BD-RjUL
Language of cataloging eng
Transcribing agency BD-RjUL
Modifying agency BD-RjUL
041 ## - LANGUAGE CODE
Language code of text/sound track or separate title eng
082 ## - DEWEY DECIMAL CLASSIFICATION NUMBER
Classification number 909
Author mark and year DAM 1954
100 ## - MAIN ENTRY--PERSONAL NAME
Personal name Dance , E H
9 (RLIN) 85631
245 ## - TITLE STATEMENT
Title The modern world :
Remainder of title since the eighteenth century /
Statement of responsibility, etc. E H Dance
260 ## - PUBLICATION, DISTRIBUTION, ETC. (IMPRINT)
Place of publication, distribution, etc. London [u.a.] :
Name of publisher, distributor, etc. Longmans ,
Date of publication, distribution, etc. 1941 [Impression 1952]
300 ## - PHYSICAL DESCRIPTION
Pagination xi, 226 p. :
Illustrations ill. ;
Size 18 cm.
490 ## - SERIES STATEMENT
Series statement British and foreign history, / by E. H. Dance ; Book 3; British and foreign history / by E. H. Dance, Book 3
650 ## - SUBJECT ADDED ENTRY--TOPICAL TERM
Topical term or geographic name as entry element British and foreign history,
9 (RLIN) 85632
942 ## - ADDED ENTRY ELEMENTS (KOHA)
Source of classification or shelving scheme Dewey Decimal Classification
Koha item type Books
Holdings
Lost status Source of classification or shelving scheme Damaged status Not for loan Collection code Permanent Location Current Location Shelving location Date acquired Source of acquisition Cost, normal purchase price Total Checkouts Full call number Date last seen Copy number Koha item type
  Dewey Decimal Classification   Added to bundle Non-fiction Central Library, University of Rajshahi Central Library, University of Rajshahi Reading Room 10/10/1956 SIMPKIM MASSHALL 0.76   909 DAM 1954 29/03/2014 C-1 Books